| 000 | 01209nas a22003135a 4500 | ||
|---|---|---|---|
| 008 | 111120t1998 xxua frb f000 0 eng d | ||
| 010 | _a 97016040 | ||
| 020 | _a0195110099 (cloth) | ||
| 020 | _a9780195110098 | ||
| 040 |
_aEG-ScBUE _beng _cEG-ScBUE |
||
| 082 | 0 | 4 |
_a621.382 _bLAT |
| 100 | 1 |
_aLathi, B. P. _927813 |
|
| 245 | 1 | 0 |
_aModern digital and analog communication systems / _cB.P. Lathi. |
| 250 | _a3rd ed. | ||
| 260 |
_aOxford ; _aNew York : _bOxford University Press, _cc.1998. |
||
| 300 |
_axiii, 781 p. : _bill. ; _c25 cm. |
||
| 490 | 0 | _aThe Oxford series in electrical and computer engineering | |
| 500 | _aIndex: p. 775-781. | ||
| 504 | _aIncludes bibliographical references. | ||
| 590 | _aMohamed Hussein | ||
| 650 | 0 |
_aTelecommunication systems. _927815 _2BUEsh |
|
| 650 | 0 |
_aDigital communications. _927816 _2BUEsh |
|
| 650 | 0 |
_aStatistical communication theory. _927817 _2BUEsh |
|
| 651 | _2BUEsh | ||
| 653 |
_bENGGEN _cAugust2015 |
||
| 856 | 4 | 2 |
_3Publisher description _uhttp://www.loc.gov/catdir/enhancements/fy0605/97016040-d.html |
| 856 | 4 | 2 |
_3Table of contents only _uhttp://www.loc.gov/catdir/enhancements/fy0605/97016040-t.html |
| 942 |
_cTB _k621.382L3529 _2ddc |
||
| 999 |
_c5077 _d5077 |
||